[Kostecka Jan hozzászólása a vitához]
Elmentve itt :
| Szerző: | |
|---|---|
| Testületi szerző: | |
| Dokumentumtípus: | Könyv része |
| Megjelent: |
1976
|
| Sorozat: | A Szegedi József Attila Tudományegyetem Állam- és Jogtudományi Kar Mezőgazdasági és Munkajogi Tanszékének Kiadványai
2 Az üzemi balesetek orvoslásának munkajogi, társadalombiztosítási és szociálpolitikai eszközei : nemzetközi kollokvium, Szeged, 1976. november 24-26. 2 |
| Kulcsszavak: | Társadalombiztosítás - üzemi baleset, Társadalombiztosítás - foglalkozási betegség, Munkajog |
| Tárgyszavak: | |
| Online Access: | http://acta.bibl.u-szeged.hu/44590 |
| LEADER | 01134naa a2200217 i 4500 | ||
|---|---|---|---|
| 001 | acta44590 | ||
| 005 | 20211130131701.0 | ||
| 008 | 170502s1976 hu o 0|| hun d | ||
| 040 | |a SZTE Egyetemi Kiadványok Repozitórium |b hun | ||
| 041 | |a hun | ||
| 100 | 1 | |a Kostecka Jan | |
| 245 | 1 | 0 | |a [Kostecka Jan hozzászólása a vitához] |h [elektronikus dokumentum] / |c Kostecka Jan |
| 260 | |c 1976 | ||
| 300 | |a 113-121 | ||
| 490 | 0 | |a A Szegedi József Attila Tudományegyetem Állam- és Jogtudományi Kar Mezőgazdasági és Munkajogi Tanszékének Kiadványai |v 2 | |
| 490 | 0 | |a Az üzemi balesetek orvoslásának munkajogi, társadalombiztosítási és szociálpolitikai eszközei : nemzetközi kollokvium, Szeged, 1976. november 24-26. |v 2 | |
| 650 | 4 | |a Társadalomtudományok | |
| 650 | 4 | |a Jogtudomány | |
| 695 | |a Társadalombiztosítás - üzemi baleset, Társadalombiztosítás - foglalkozási betegség, Munkajog | ||
| 710 | |a Az üzemi balesetek orvoslásának munkajogi, társadalombiztosítási és szociálpolitikai eszközei (1976) (Szeged) | ||
| 856 | 4 | 0 | |u http://acta.bibl.u-szeged.hu/44590/1/mezgazjog_002_113-121.pdf |z Dokumentum-elérés |